Statistics for All UCI World Tour Races

Click here to take the quiz!

General Stats

  • This quiz has been taken 44 times
  • The average score is 19 of 35

Answer Stats

CountryRace% Correct
FranceTour de France
94%
SpainVuelta a España
94%
ItalyGiro d'Italia
91%
FranceParis-Roubaix
81%
United Arabic EmiratesUAE Tour
78%
ItalyMilan-San Remo
75%
AustraliaTour Down Under
75%
ItalyIl Lombardia
72%
NetherlandsAmstel Gold Race
69%
FranceCritérium du Dauphiné
69%
BelgiumLiège-Bastogne-Liège
69%
PolandTour de Pologne
69%
BelgiumTour of Flanders
69%
FranceParis-Nice
63%
SwitzerlandTour de Suisse
63%
CanadaGrand Prix Cycliste de Québec
59%
BelgiumLa Flèche Wallonne
59%
ItalyStrade Bianche
56%
ItalyTirreno-Adriatico
56%
SpainClásica San Sebastián
53%
CanadaGrand Prix Cycliste de Montréal
53%
SwitzerlandTour de Romandie
53%
BelgiumGent-Wevelgem
44%
BelgiumDwars door Vlaanderen
38%
BelgiumOmloop Het Nieuwsblad
38%
SpainItzulia Basque Country
34%
AustraliaCadel Evans Great Ocean Road Race
31%
SpainVolta a Catalunya
31%
Belgium/NetherlandsBenelux Tour
25%
GermanyEschborn-Frankfurt
25%
ChinaTour of Guangxi
25%
FranceBretagne Classic-Ouest-France
22%
BelgiumE3 Saxo Bank Classic
22%
GermanyEuroEyes Cyclassics Hamburg
22%
BelgiumThree Days of Bruges-De Panne
6%

Score Distribution

Percentile by Number Answered

Percent of People with Each Score

Your Score History

You have not taken this quiz